| 000 | 00935nam a2200277Ia 4500 | ||
|---|---|---|---|
| 003 | OSt | ||
| 005 | 20220927103327.0 | ||
| 006 | a|||||r|||| 00| 0 | ||
| 007 | ta | ||
| 008 | 220926b |||||||| |||| 00| 0 eng d | ||
| 024 | _a96551 | ||
| 037 | _cReference Collections | ||
| 040 |
_aRTL _cRTL _beng |
||
| 041 |
_2eng _aeng |
||
| 082 | _a"X9(J):7410r77.1(X).N5, J5/UN" | ||
| 110 | _a"UN, Food And Agriculture Organization" | ||
| 245 | 0 | _aUses of agricultural surpluses to finance economic developments in under - developed countries | |
| 260 |
_aRome _bFood and Agriculture Organization _c1955 |
||
| 300 |
_a"v, 65p." _ccm. |
||
| 490 | _a"Its, Commodity policy studies, 6" | ||
| 500 | _aAppendix p 47-65 | ||
| 650 |
_aAgriculture Industry _9356529 |
||
| 700 | _a"UN, Food And Agriculture Organization" | ||
| 942 |
_h"X9(J):7410r77.1(X).N5, J5/UN" _cCC |
||
| 999 |
_c682517 _d682517 |
||